000 00446nam a2200193Ia 4500
005 20250423095434.0
008 250422s9999 xx 000 0 und d
020 _a9783372181
050 _aHF 5667 .M33/
100 _aOlowookere, Kola
245 0 _aFundamentals of auditing
250 _a3th ed.
260 _aIbadan
260 _bSilicon Publishing Company
260 _c2007
300 _a425 p
650 _aAuditing.
942 _cBK
999 _c30274
_d30274